Govt. of
Madhya Pradesh

Widows In India (Record no. 303)

MARC details
000 -LEADER
fixed length control field 003670000a22001570004500
001 - CONTROL NUMBER
control field 000301
003 - CONTROL NUMBER IDENTIFIER
control field MACL
040 ## - CATALOGING SOURCE
Original cataloging agency MACL
090 ## - LOCALLY ASSIGNED LC-TYPE CALL NUMBER (OCLC); LOCAL CALL NUMBER (RLIN)
-- 301
-- 301
100 ## - MAIN ENTRY--PERSONAL NAME
Personal name Chen, Martha Alter
245 ## - TITLE STATEMENT
Title Widows In India
Remainder of title Social Neglect And Public Action
Statement of responsibility, etc. Martha Alter Chen
260 ## - PUBLICATION, DISTRIBUTION, ETC. (IMPRINT)
Place of publication, distribution, etc. Sage Publications,
Date of publication, distribution, etc. 1998
350 ## - PRICE (NR) (BK AM CF MU VM SE) [OBSOLETE]
Price 495
650 ## - SUBJECT ADDED ENTRY--TOPICAL TERM
Topical term or geographic name as entry element Phychology
942 ## - ADDED ENTRY ELEMENTS (KOHA)
Call number prefix 156
Koha item type Library Membar
Holdings
Withdrawn status Lost status Source of classification or shelving scheme Damaged status Not for loan Home library Current library Date acquired Cost, normal purchase price Total Checkouts Full call number Barcode Date last seen Uniform Resource Identifier Price effective from Koha item type
          MACL MACL 15/04/2015 495.00   155.644/CHE CRE012061 02/05/2024 301 15/04/2015 Books